<?xml version="1.0" encoding="UTF-8"?><?xml-stylesheet type="text/xsl" href="static/style.xsl"?><OAI-PMH xmlns="http://www.openarchives.org/OAI/2.0/" xmlns:xsi="http://www.w3.org/2001/XMLSchema-instance" xsi:schemaLocation="http://www.openarchives.org/OAI/2.0/ http://www.openarchives.org/OAI/2.0/OAI-PMH.xsd"><responseDate>2026-04-14T18:19:45Z</responseDate><request verb="GetRecord" identifier="oai:uvadoc.uva.es:10324/30832" metadataPrefix="marc">https://uvadoc.uva.es/oai/request</request><GetRecord><record><header><identifier>oai:uvadoc.uva.es:10324/30832</identifier><datestamp>2021-09-07T11:16:06Z</datestamp><setSpec>com_10324_1190</setSpec><setSpec>com_10324_931</setSpec><setSpec>com_10324_894</setSpec><setSpec>col_10324_1969</setSpec></header><metadata><record xmlns="http://www.loc.gov/MARC21/slim" xmlns:doc="http://www.lyncode.com/xoai" xmlns:xsi="http://www.w3.org/2001/XMLSchema-instance" xmlns:dcterms="http://purl.org/dc/terms/" xsi:schemaLocation="http://www.loc.gov/MARC21/slim http://www.loc.gov/standards/marcxml/schema/MARC21slim.xsd">
<leader>00925njm 22002777a 4500</leader>
<datafield tag="042" ind1=" " ind2=" ">
<subfield code="a">dc</subfield>
</datafield>
<datafield tag="720" ind1=" " ind2=" ">
<subfield code="a">González Fraile, Eduardo Miguel</subfield>
<subfield code="e">author</subfield>
</datafield>
<datafield tag="720" ind1=" " ind2=" ">
<subfield code="a">Sola Alonso, José Ramón</subfield>
<subfield code="e">author</subfield>
</datafield>
<datafield tag="720" ind1=" " ind2=" ">
<subfield code="a">Lanao Eizaguirre, José Luis</subfield>
<subfield code="e">author</subfield>
</datafield>
<datafield tag="260" ind1=" " ind2=" ">
<subfield code="c">2018</subfield>
</datafield>
<datafield tag="520" ind1=" " ind2=" ">
<subfield code="a">LABORATORIO DE PROYECTOS ARQUITECTÓNICOS 6&#xd;
"Propuesta material de un Laboratorio de Proyectos Arquitectónicos"&#xd;
El Anexo PID_17_18_157_Anexo 2.pdf&#xd;
Presenta los ejercicios realizados por los alumnos de Proyectos V, PROGRAMA: MATERIA, LUZ Y COLOR&#xd;
Profesores:&#xd;
EDUARDO GONZÁLEZ FRAILE&#xd;
JOSÉ LANAO EIZAGUIRRE&#xd;
JOSÉ RAMÓN SOLA ALONSO &#xd;
VALENTÍN ARRIETA BERDASCO&#xd;
OSCAR MIGUEL ARES ÁLVAREZ</subfield>
</datafield>
<datafield tag="024" ind2=" " ind1="8">
<subfield code="a">http://uvadoc.uva.es/handle/10324/30832</subfield>
</datafield>
<datafield tag="245" ind1="0" ind2="0">
<subfield code="a">Laboratorio de Proyectos Arquitectónicos 6. Anexo 2. PID</subfield>
</datafield>
</record></metadata></record></GetRecord></OAI-PMH>